Statistics for Top 20 World Cities with Six Letters

Click here to take the quiz!

General Stats

  • This quiz has been taken 281 times
    (237 since last reset)
  • The average score is 16 of 20

Answer Stats

PopulationCountryCity% Correct
14.4 milUnited KingdomLondon
97%
16.9 milRussiaMoscow
97%
4.50 milGermanyBerlin
94%
23.3 milPhilippinesManila
94%
6.25 milSpainMadrid
93%
4.90 milAustraliaSydney
93%
23.2 milIndiaMumbai
90%
13.7 milIranTehran
90%
9.35 milColombiaBogotá
87%
4.68 milTurkeyAnkara
86%
9.05 milTaiwanTaipei
86%
6.70 milSaudi ArabiaRiyadh
81%
7.35 milUnited StatesBoston
75%
10.2 milPakistanLahore
73%
6.80 milAngolaLuanda
70%
6.55 milUnited StatesDallas
69%
5.15 milMyanmarYangon
58%
10.4 milJapanNagoya
52%
10.0 milChinaXiamen
39%
5.15 milChinaHarbin
28%

Score Distribution

Percentile by Number Answered

Percent of People with Each Score

Your Score History

You have not taken this quiz since the last reset